NLSUI OPAC header image

Teach yourself visual c ++ 5 in 21 days (Record no. 11731)

MARC details
000 -LEADER
fixed length control field 00423nam a2200157Ia 4500
008 - FIXED-LENGTH DATA ELEMENTS--GENERAL INFORMATION
fixed length control field 160316s1997 xxu||||| |||| 00| 0 eng d
082 ## - DEWEY DECIMAL CLASSIFICATION NUMBER
Classification number 1.642400
Item number GUR
100 ## - MAIN ENTRY--PERSONAL NAME
Personal name Gurewich Ori
245 ## - TITLE STATEMENT
Title Teach yourself visual c ++ 5 in 21 days
250 ## - EDITION STATEMENT
Edition statement 5th
260 ## - PUBLICATION, DISTRIBUTION, ETC.
Place of publication, distribution, etc. New Delhi
Name of publisher, distributor, etc. Techmedia
Date of publication, distribution, etc. 1997
300 ## - PHYSICAL DESCRIPTION
Extent 769p
Other physical details
Dimensions
365 ## - TRADE PRICE
Price amount 270/-
650 ## - SUBJECT ADDED ENTRY--TOPICAL TERM
Topical term or geographic name entry element 1. Computer Programmes - Visual c ++ 5
700 ## - ADDED ENTRY--PERSONAL NAME
Personal name Gurewich Nothan
--
Holdings
Withdrawn status Lost status Damaged status Not for loan Home library Current library Shelving location Date acquired Cost, normal purchase price Total Checkouts Full call number Barcode Date last seen Price effective from Koha item type
        . . NAB Compactor 30.05.2017 270.00   1.6424 GUR 12030 30.05.2017 30.05.2017 BOOKs